<?xml version="1.0" encoding="UTF-8"?>
<record
    xmlns:xsi="http://www.w3.org/2001/XMLSchema-instance"
    xsi:schemaLocation="http://www.loc.gov/MARC21/slim http://www.loc.gov/standards/marcxml/schema/MARC21slim.xsd"
    xmlns="http://www.loc.gov/MARC21/slim">

  <leader>00578nam a2200193Ia 4500</leader>
  <controlfield tag="008">230125s9999    xx            000 0 und d</controlfield>
  <datafield tag="020" ind1=" " ind2=" ">
    <subfield code="a">1-84112-233-5</subfield>
  </datafield>
  <datafield tag="041" ind1=" " ind2=" ">
    <subfield code="a">eng</subfield>
  </datafield>
  <datafield tag="082" ind1=" " ind2=" ">
    <subfield code="a">658.312 44</subfield>
    <subfield code="b">CAR</subfield>
  </datafield>
  <datafield tag="100" ind1=" " ind2=" ">
    <subfield code="a">Cartwright R</subfield>
    <subfield code="9">109293</subfield>
  </datafield>
  <datafield tag="245" ind1=" " ind2=" ">
    <subfield code="a">Empowerment</subfield>
  </datafield>
  <datafield tag="260" ind1=" " ind2=" ">
    <subfield code="c">2002</subfield>
    <subfield code="b">Capstone publication</subfield>
    <subfield code="a">London</subfield>
  </datafield>
  <datafield tag="300" ind1=" " ind2=" ">
    <subfield code="a">114p</subfield>
  </datafield>
  <datafield tag="440" ind1=" " ind2=" ">
    <subfield code="a">Essential Management Thinking At Your Fingertips Series</subfield>
    <subfield code="9">107434</subfield>
  </datafield>
  <datafield tag="500" ind1=" " ind2=" ">
    <subfield code="a">Empowerment;Series Book;Leading Series Book</subfield>
  </datafield>
  <datafield tag="650" ind1=" " ind2=" ">
    <subfield code="a">Human Resource Management</subfield>
  </datafield>
  <datafield tag="700" ind1=" " ind2=" ">
    <subfield code="a">Cartwright R</subfield>
    <subfield code="9">109293</subfield>
  </datafield>
  <datafield tag="999" ind1=" " ind2=" ">
    <subfield code="c">85968</subfield>
    <subfield code="d">85968</subfield>
  </datafield>
  <datafield tag="952" ind1=" " ind2=" ">
    <subfield code="0">0</subfield>
    <subfield code="1">0</subfield>
    <subfield code="4">0</subfield>
    <subfield code="7">0</subfield>
    <subfield code="a">HIMR</subfield>
    <subfield code="b">HIMR</subfield>
    <subfield code="d">2013-03-30</subfield>
    <subfield code="e">Book World</subfield>
    <subfield code="g">199.00</subfield>
    <subfield code="i">918</subfield>
    <subfield code="l">0</subfield>
    <subfield code="o">658.312 44 CAR B11994</subfield>
    <subfield code="p">HIMR-BK-11994</subfield>
    <subfield code="r">2023-01-25 00:00:00</subfield>
    <subfield code="v">199.00</subfield>
    <subfield code="w">2013-01-04</subfield>
    <subfield code="y">BK</subfield>
    <subfield code="z">B11994</subfield>
  </datafield>
  <datafield tag="952" ind1=" " ind2=" ">
    <subfield code="0">0</subfield>
    <subfield code="1">0</subfield>
    <subfield code="4">0</subfield>
    <subfield code="7">0</subfield>
    <subfield code="a">HIMR</subfield>
    <subfield code="b">HIMR</subfield>
    <subfield code="d">2003-04-28</subfield>
    <subfield code="e">The Word Book Shop</subfield>
    <subfield code="g">160.00</subfield>
    <subfield code="i">15931</subfield>
    <subfield code="l">0</subfield>
    <subfield code="o">658.312 44 CAR B03429</subfield>
    <subfield code="p">HIMR-BK-3429</subfield>
    <subfield code="r">2023-01-25 00:00:00</subfield>
    <subfield code="v">136.00</subfield>
    <subfield code="w">2003-04-10</subfield>
    <subfield code="y">BK</subfield>
    <subfield code="z">B03429</subfield>
  </datafield>
</record>
